000 00373nam a22001457a 4500
999 _c24518
_d24518
003 NUST
008 140611b xxu||||| |||| 00| 0 eng d
020 _cAvailable
038 _aNusrat Nadeem
082 _a511.35 DAV
100 _a Rene David
_921552
245 _aDiscrete,Continuous and Hybrid Petri Nets
_cDavid Rene
538 _iSuperComputing Lab
942 _2ddc
_cBK